000 00639nam a2200241Ia 4500
003 OSt
005 20220918182401.0
006 a|||||r|||| 00| 0
007 ta
008 220917b |||||||| |||| 00| 0 eng d
024 _a32,228
037 _cTextual
040 _aARTS
_cARTS
_beng
041 _2eng
_aeng
082 _aO111,3L07,11:g, K5
100 _aHutchens E N
_960174
245 0 _aIrony in Tom Jones
260 _aAlabama
_bUniv of Alabama Press
_c1965
300 _a190p.
_ccm.
650 _aENGLISH LITERATURE
942 _hO111,3L07,11:g, K5
_cTEXL
_2CC
999 _c168797
_d168797